000 00644cab a2200241 4500
001 X1860
008 090401t1995 xxu||||| |||| 00| 0 eng d
035 _a(Sirsi) u19983
041 _aeng
245 _aBudget benefits for PII
260 _c1995
350 _a0
490 _aCSM (Chartered Surveyor Monthly)
_v4(3) January 1995, 64(1)
650 _aINCOME
650 _aOFFSET
650 _aPROFESSIONAL INDEMNITY INSURANCE
650 _aPROFESSIONAL INDEMNITY INSURANCE
650 _aRUN-OFF COVER
690 _aMANAGEMENT-BUSINESS MANAGEMENT-PROFESSIONAL PRACTICE
690 _aTAXATION
942 _n0
948 _c04/03/1997
999 _c13392
_d13392